Sistemas y procedimientos contables (Registro nro. 1820)
[ vista simple ]
| 000 -LEADER | |
|---|---|
| fixed length control field | 01754 a2200229 4500 |
| 001 - CONTROL NUMBER | |
| control field | 29268 |
| 005 - DATE AND TIME OF LATEST TRANSACTION | |
| control field | 20260407155601.0 |
| 008 - FIXED-LENGTH DATA ELEMENTS--GENERAL INFORMATION | |
| fixed length control field | 260407a1997 arg spa d |
| 003 - CONTROL NUMBER IDENTIFIER | |
| control field | AR-UNSa-BCEJYS |
| 040 ## - CATALOGING SOURCE | |
| Original cataloging agency | AR-UNSa-BCEJYS |
| Language of cataloging | spa |
| Transcribing agency | AR-UNSa-BCEJYS |
| 080 ## - UNIVERSAL DECIMAL CLASSIFICATION NUMBER | |
| Universal Decimal Classification number | 657 |
| Common auxiliary subdivision | Contabilidad |
| 020 ## - INTERNATIONAL STANDARD BOOK NUMBER | |
| International Standard Book Number | 980-6138-35-6 |
| 041 ## - LANGUAGE CODE | |
| Language code of text/sound track or separate title | spa |
| 100 1# - MAIN ENTRY--PERSONAL NAME | |
| Personal name | Catacora Carpio, Fernando |
| 245 10 - TITLE STATEMENT | |
| Title | Sistemas y procedimientos contables |
| 264 #1 - PRODUCTION, PUBLICATION, DISTRIBUTION, MANUFACTURE, AND COPYRIGHT NOTICE | |
| Place of production, publication, distribution, manufacture | Caracas : |
| Name of producer, publisher, distributor, manufacturer | McGraw-Hill Interamericana |
| Date of production, publication, distribution, manufacture, or copyright notice | 1997 |
| 300 ## - PHYSICAL DESCRIPTION | |
| Extent | 388 p. |
| Dimensions | 27 cm. |
| 505 ## - FORMATTED CONTENTS NOTE | |
| Formatted contents note | Primera parte: Los sistemas: 1. Importancia de los sistemas - 2. Conceptos básicos de sistemas - 3. Tipo de sistemas - 4. Analisis de los sistemas contables - Segunda parte: Los procedimientos: 5. Función de los procedimientos contables - 6. Procedimientos contables y principios de contabilidad - 7. Procedimientos contables y manuales - Tercera parte: Los sistemas contables: 8. Principales características de un sistema contable - 9. Codificacion de datos - 10. Formularios y registro de contabilidad - 11. Sistemas de contabilidad por área de responsabilidad - 12. Los sistemas contables de costos - Cuarta parte: Los procesos contables: 13. Proceso para el registro de las operaciones contables - 14. El control interno y las operaciones contables - 15. Procedimientos en las operaciones de una empresa - 16. Procesos de ajustes y cierre - Quinta parte:Los sistemas contables en ambientes de ped: 17. Ajustes tegnológicos - 18. Control interno contable bajo ambientes de PED - 19. Los sistemas contables mecanizados |
| 590 ## - LOCAL NOTE (RLIN) | |
| Local note | niveau_biblio:m niveau_hierar:0 |
| 856 41 - ELECTRONIC LOCATION AND ACCESS | |
| Uniform Resource Identifier | <a href="https://biblioeco.unsa.edu.ar/pmb/images/libros/Sistemas y Procedimientos Contables-l86307.jpg">https://biblioeco.unsa.edu.ar/pmb/images/libros/Sistemas y Procedimientos Contables-l86307.jpg</a> |
| Link text | Imagen de portada |
| Electronic format type | image/jpeg |
| 942 ## - ADDED ENTRY ELEMENTS (KOHA) | |
| Koha item type | |
| Withdrawn status | Lost status | Damaged status | Not for loan | Home library | Current library | Shelving location | Date acquired | Total checkouts | Full call number | Barcode | Date last seen | Price effective from | Koha item type |
|---|---|---|---|---|---|---|---|---|---|---|---|---|---|
| Biblioteca Prof. Eusebio Cleto del Rey | Biblioteca Prof. Eusebio Cleto del Rey | 07/04/2026 | 657 C357 | L86305 | 07/04/2026 | 07/04/2026 | Libro | ||||||
| Biblioteca Prof. Eusebio Cleto del Rey | Biblioteca Prof. Eusebio Cleto del Rey | 07/04/2026 | 657 C357 | L86307 | 07/04/2026 | 07/04/2026 | Libro | ||||||
| Biblioteca Prof. Eusebio Cleto del Rey | Biblioteca Prof. Eusebio Cleto del Rey | 07/04/2026 | 657 C357 | L86306 | 07/04/2026 | 07/04/2026 | Libro |